Регионална библиотека "Любен Каравелов" - Русе

Зад завесата на големите скандали 3 | Хроники от Русчук (Запис номер 149506)

MARC детайли
000 -Лидер
Контролно поле с фиксирана дължина 01783nam a2200445 c 4500
003 - Код на организацията, давaща контролен номер
Контролно поле BLK
005 - Дата и час на последна редакция
Контролно поле 20240924135701.0
008 - Елементи от данни с фиксирана дължина
fixed length control field 180410b bul|||||r ||||||| ||bul||
010 ## - Наследен системен номер
LC control number KNG00155769000
020 ## - Международен стандартен номер на книга ISBN
Международен стандартен номер на книга ISBN 978-954-9664-21-8
040 ## - Източник на каталожния запис
Идентификатор на билиотеката - собственик на записа BLK
041 ## - Код за език
Код за езика на текст/звукозапис или на отделно заглавие Български
Код за езика КДБФ Български
072 #7 - Код за тематичната категория
Код организация bullib
Код за тематична категория Н92
Текст История Н
080 ## - УДК
Текстов определител УДК История на България
УДК код - определител по УДК 94(497.2)
УДК определител (092)(0:82-9)
УДК - код + определител 94(497.2)(092)(0:82-9)
080 ## - УДК
Текстов определител УДК Краезнание
УДК код - определител по УДК 908
УДК определител (497.215)
УДК - код + определител 908(497.215)
080 ## - УДК
Текстов определител УДК Българска литература
УДК код - определител по УДК 821.163.2
УДК определител -94
УДК - код + определител 821.163.2-94
080 ## - УДК
Текстов определител УДК Биографии
УДК код - определител по УДК 929
УДК определител (497.2)
УДК - код + определител 929(497.2)
100 1# - Редна дума - Автор
Автор Драганов, Боян Димитров
R(LIN) 64945
139 ## - Редно поле
Редна дума Драганов, Боян Димитров
Авторски знак Др - Д 85
245 10 - Сведения за заглавието
Заглавие Зад завесата на големите скандали 3
Редно поле (дума) Боян Димитров Драганов.
245 10 - Сведения за заглавието
Заглавие Хроники от Русчук
257 ## - Страна на издаване
Страна на създаване/издаване България
260 ## - Област на издателските данни
Име на издателя, разпространителя и проч. Ахат
Година на издаване 2013
Печатница В. Търново : Абагар
300 ## - Физическа характеристика
Страници 297, 97 с.
Илюстрации и др. с ил., факс.
Размери/Мащаб 24 см
380 ## - Жанр
Жанр История
500 ## - Общи забележки
Забележка Втората кн. отпеч. на гърба на кн. със самостоятелни загл. с. и паг.
650 #4 - Допълнително описание по предмет – тема
Основно описание – тема или топоним България - история - популярна литература
9 (RLIN) 258393
651 #4 - Допълнително описание по предмет - топоним
Географско понятие България
9 (RLIN) 241624
651 #4 - Допълнително описание по предмет - топоним
Географско понятие Русе
9 (RLIN) 179462
653 ## - Ключова дума – ненормативна
Ключова дума българска история
659 ## - Тематичен бюлетин
Тематичен бюлетин Н
852 ## - Местоположение
Форматна сигнатура Цб 241221
852 ## - Местоположение
Форматна сигнатура К 94(497.2)/Д 85 Б
856 4# - Електронен адрес и достъп
Електронен формат pdf - файл
856 4# - Електронен адрес и достъп
Електронен формат pdf - файл
999 ## - СИСТЕМНИ КОНТРОЛНИ НОМЕРА
Koha biblionumber 149506
Koha biblioitemnumber 149506
942 ## - АРТИКУЛИ
Вид на библиотечния материал Книги
Скрит в OPAC Не
Koha issues (borrowed), all copies 27
Периодичен библиозапис Да
944 ## - СЪЗДАВАНЕ И РЕДАКЦИЯ на ЗАПИСА
Създаване/Редакция Създаване
Дата на регистрацията/редакция 20.01.2014
Статус, дата на статуса Валя Йорданова
Служител, извършил регистрацията/редакцията 30558
944 ## - СЪЗДАВАНЕ И РЕДАКЦИЯ на ЗАПИСА
Създаване/Редакция Редакция
Дата на регистрацията/редакция 29.01.2018
Статус, дата на статуса ф /
Служител, извършил регистрацията/редакцията Виолета_Тройчева
999 ## - СИСТЕМНИ КОНТРОЛНИ НОМЕРА
Koha biblioitemnumber 149506
Наличности
Код за отписване Код за изгубен артикул Източник на класификационната схема Код за повреда Коз за рестрикции Код за отдаване Артикулен № Име на библиотеката - собственик Име на библиотеката, в която се намира в момента Статус (Текущо местоположение) Дата на вписване в системата Местоположение - отдел Цена в лева Инвентарен номер Систематично азбучна сигнатура Баркод Номер на екземпляра Цена в евро Служебна бележка Служебен тип на артикула
  Не е изгубен Universal Decimal Classification Не е повреден без рестрикции заемане за дома 249715 Регионална библиотека "Любен Каравелов" Русе Регионална библиотека "Любен Каравелов" Русе Заемна - подръчен фонд 2014-01-17 Заемна - подръчен фонд 18.00 120000773484 П 94(497.2)(092)/Д 85 Б 120000773484 1 9.20 Дост: DA Вид: А N: 2 Дата: 17.01.2014 Дата инв: 08.02.2018 Бележки инв: П2018 Книги
  Не е изгубен Universal Decimal Classification Не е повреден без рестрикции заемане за дома 249716 Регионална библиотека "Любен Каравелов" Русе Регионална библиотека "Любен Каравелов" Русе Заемна - подръчен фонд 2014-01-17 Заемна - подръчен фонд 18.00 120000773485 П 94(497.2)(092)/Д 85 Б 120000773485 2 9.20 Дост: DA Вид: А N: 2 Дата: 17.01.2014 Книги
  Не е изгубен Universal Decimal Classification Не е повреден без рестрикции ползва се в читалня 249717 Регионална библиотека "Любен Каравелов" Русе Регионална библиотека "Любен Каравелов" Русе Краезнание 2014-01-17 Краезнание 18.00 120000773486 К 94(497.2)/Д 85 Б 120000773486 3 9.20 Дост: DA Вид: А N: 2 Дата: 17.01.2014 Дата инв: 06.11.2017 Бележки инв: К2017 Книги
  Не е изгубен   Не е повреден без рестрикции ползва се в читалня 249718 Регионална библиотека "Любен Каравелов" Русе Регионална библиотека "Любен Каравелов" Русе Хранилище 2015-01-24 Хранилище 18.00 120000784548 Цб 241221 120000784548 4 9.20 Дост: Dp Вид: Д N: 19 Дата: 11.04.2014 Книги
  Не е изгубен Universal Decimal Classification Не е повреден без рестрикции заемане за дома 249719 Регионална библиотека "Любен Каравелов" Русе Регионална библиотека "Любен Каравелов" Русе Дубликат 2016-01-19 Заемна - подръчен фонд 18.00 120000796998 П 94(497.2)(092)/Д 85 Б 120000796998 5 9.20 Дост: DA Вид: А N: 1 Дата: 19.01.2016 Книги
  Не е изгубен Universal Decimal Classification Не е повреден   заемане за дома 678360 Регионална библиотека "Любен Каравелов" Русе Регионална библиотека "Любен Каравелов" Русе Заемна - подръчен фонд 2018-07-12 Заемна - подръчен фонд 19.90 120000822006 П 94(497.2)(092)/Д 85 Б 120000822006   10.17   Книги
  Не е изгубен Universal Decimal Classification Не е повреден   заемане за дома 678361 Регионална библиотека "Любен Каравелов" Русе Регионална библиотека "Любен Каравелов" Русе Заемна - подръчен фонд 2018-07-12 Заемна - подръчен фонд 19.90 120000822007 П 94(497.2)(092)/Д 85 Б 120000822007   10.17   Книги
  Не е изгубен Universal Decimal Classification Не е повреден   ползва се в читалня 732846 Регионална библиотека "Любен Каравелов" Русе Регионална библиотека "Любен Каравелов" Русе Хранилище 2019-08-23 Хранилище 15.00   Цб 296424 120000835658   7.67   Книги
Vip Innovations Ltd, Rousse, Bulgaria 2025